• 首页
  • 本馆介绍
  • 公告通知
  • 最新文献
  • 馆藏检索
  • 电子资源
  • 读者导购
  • 参考咨询
  • 我的图书馆
  • 登录
  • 详细信息显示
  • 放入我的书架
  • 预约/预借图书
  • 作者相关作品
  • 分类相关作品
  • 丛书相关作品
  • 出版社相关作品

书目信息

  • 表格格式
  • 工作单格式
  • 卡片格式
题名:
心中有学生 教学有方向
    
 
作者: 白惠冰 编著
分册:  
出版信息: 长春   吉林文史出版社有限责任公司  2020
页数: 240页
开本: 24cm
丛书名: 名师名校名校长书系
单 册:
中图分类: G633.202 , G633.2
科图分类:
主题词: 政治课--教学研究--高中
电子资源:
ISBN: 978-7-5472-7093-6
000 00941oam2 2200253 450
001 2372615558
005 20231022203011.14
010    @a978-7-5472-7093-6@dCNY45.00
100    @a20210105d2020 em y0chiy50 ea
101 0  @achi
102    @aCN@b220000
105    @aak z 000yy
200 1  @a心中有学生 教学有方向@Axin zhong you xue sheng jiao xue you fang xiang@e基于核心素养背景下思想政治教学的行与思@f白惠冰编著
210    @a长春@c吉林文史出版社有限责任公司@d2020
215    @a240页@c图@d24cm
225 1  @a名师名校名校长书系
330    @a本书探索了“三环灵动课堂”在高中思想政治教学中的实践与应用,内容包括:我的课堂革命、实践感悟之教师篇、实践感悟之学生篇、工作室剪影、我当副校长的那些事儿等五章。
410  0 @12001 @a名师名校名校长书系
606 0  @a政治课@x教学研究@x高中
690    @aG633.202@v5
690    @aG633.2@v4
701  0 @a白惠冰@Abai hui bing@4编著
801  0 @aCN@b91MARC@c20210317
905    @aZUCC@dG633.2@e1186
    
    心中有学生 教学有方向:基于核心素养背景下思想政治教学的行与思/白惠冰编著.-长春:吉林文史出版社有限责任公司,2020
    240页:图;24cm.-(名师名校名校长书系)
    
    
    ISBN 978-7-5472-7093-6:CNY45.00
    本书探索了“三环灵动课堂”在高中思想政治教学中的实践与应用,内容包括:我的课堂革命、实践感悟之教师篇、实践感悟之学生篇、工作室剪影、我当副校长的那些事儿等五章。
●
相关链接 在五车中查询图书 在当当中查询图书 在豆瓣中查询图书


正题名:心中有学生 教学有方向     索取号:G633.2/1186         预约/预借

序号 登录号 条形码 馆藏地/架位号 状态 备注
1 2001033201   2001033201   第四书库/四8架A面1层2列/ [索取号:G633.2/1186] 在馆    
2 2001033202   2001033202   第四书库/四8架A面1层2列/ [索取号:G633.2/1186] 在馆    
3 2001033203   2001033203   第四书库/四8架A面1层2列/ [索取号:G633.2/1186] 在馆    
4 2001033204   2001033204   第四书库/四8架A面1层2列/ [索取号:G633.2/1186] 在馆    
5 2001033205   2001033205   第四书库/四8架A面1层2列/ [索取号:G633.2/1186] 在馆    
6 2001033206   2001033206   第四书库/四8架A面1层2列/ [索取号:G633.2/1186] 在馆    
山东省滨州职业学院图书馆 欢迎您!
大连网信软件有限公司© 版权所有